| 000 | 00538nam a22001697a 4500 | ||
|---|---|---|---|
| 005 | 20100723124427.0 | ||
| 010 | _aENG-96541 | ||
| 020 | _c699.00 | ||
| 035 | _aEN-80074 | ||
| 037 | _bDBAD/PUB | ||
| 245 |
_aInternational journal of mind, brain & cognition / _cedited by Probal Dasgupta |
||
| 260 |
_aNew Delhi _bBharti Publications _c2010 |
||
| 270 |
_a1749A/5, 1st floor, Gopindpuri Extention, P. O. Box. 4453, Kalkaji, New Delhi-110019 _bNew Delhi |
||
| 300 |
_a123p. _c21cm (pbk) |
||
| 700 |
_aDasgupta, Probal _9984 |
||
| 942 |
_2ddc _cEN |
||
| 999 |
_c37383 _d37383 |
||